| 000 | 01010nam a22002417a 4500 | ||
|---|---|---|---|
| 003 | OSt | ||
| 005 | 20150408114141.0 | ||
| 008 | 130924s 2011su ||||g |||| 00| 0 ara d | ||
| 020 | _a9786035031226 | ||
| 040 | _aMau | ||
| 082 |
_a371.95 _bك ن م |
||
| 100 |
_aكولانجيلو، نيكولا _937249 |
||
| 245 |
_aالمرجع في تربية الموهوبين / _cنيوكلاس كولانجيلو، غاري ديفيز ؛ نقله إلى العربية صالح محمد أبو جادو، محمود محمد أبو جادو. |
||
| 250 | _aط. 1. | ||
| 260 |
_aالرياض : _bالعبيكان للنشر، _c2011 |
||
| 300 |
_a691 ص. ؛ _c24 سم. |
||
| 650 |
_9573 _aالموهوبون _xتعليم |
||
| 650 |
_920549 _aالموهوبون _xتربية |
||
| 700 |
_aدايفيز، جاري أ.، _d1938- _937250 |
||
| 700 |
_aأبو جادو، صالح محمد علي _eمعرب. _937251 |
||
| 700 |
_aأبو جادو، محمود محمد علي _eمعرب. _937252 |
||
| 942 |
_2ddc _cBOOK |
||
| 999 |
_c30872 _d265372 |
||